Michel Platini, Zinedine Zidane ou les 2 - Statistiques

Statistiques générales
  • Ce quiz a été pris 295 fois
  • Le résultat moyen est 12 sur 15
Statistiques - réponses
Hint Réponse % Correct
A remporté 3 Ballons d'Or Michel Platini
92%
Formé à l'AS Nancy-Lorraine Michel Platini
89%
Champion du Monde Zinedine Zidane
88%
A remporté un seul Ballon d'Or Zinedine Zidane
86%
Formé à l'AS Cannes Zinedine Zidane
85%
A joué à la Juventus Turin Les 2
83%
Vainqueur de l'Euro Les 2
82%
A porté les numéro 10 en équipe de France Les 2
82%
Compte une sélection avec l'équipe nationale du Koweït Michel Platini
82%
Vainqueur de la Ligue des Champions (ou Coupe des Champions) Les 2
76%
Meilleur Buteur du Championnat d'Italie Michel Platini
76%
Compte 108 sélections en équipe de France Zinedine Zidane
74%
A marqué 41 buts en équipe de France Michel Platini
69%
A joué dans 3 Championnats différents Zinedine Zidane
58%
A gagné 2 Championnats d'Italie Les 2
57%
Aucun quiz correspondant
Distribution des résultats
% des personnes avec chaque résultat
Percentile par nombre de réponses
Votre historique - résultats
Vous n’avez pas pris ce quiz